مكتبة جامعة عجلون الوطنية

فهرس بحث المكتبة

اثر حاضنات الاعمال في تحسين انتاجية المشاريع الصغيرة في محافظة عجلون التوجهات الريادية : كمتغير معدل = The impact of Business Incubators in the productivity Improving of Small Enterprises at Ajloun Governorate Entrepreneurial Orientations : as a the Moderating Variable / (Record no. 33279)

MARC details
000 -LEADER
fixed length control field 01271nam a22001937a 4500
003 - CONTROL NUMBER IDENTIFIER
control field JO-AjAnu
005 - DATE AND TIME OF LATEST TRANSACTION
control field 20231211115630.0
008 - FIXED-LENGTH DATA ELEMENTS--GENERAL INFORMATION
fixed length control field 231211b jo ||||| |||| 00| 0 ara d
040 ## - CATALOGING SOURCE
Original cataloging agency JO-AjAnu
Language of cataloging araara
Transcribing agency JO-AjAnu
041 ## - LANGUAGE CODE
Language code of text/sound track or separate title ara
100 #1 - MAIN ENTRY--PERSONAL NAME
Personal name الصمادي، هناء نصري رشدي
9 (RLIN) 64937
Relator term معد
245 ## - TITLE STATEMENT
Title اثر حاضنات الاعمال في تحسين انتاجية المشاريع الصغيرة في محافظة عجلون التوجهات الريادية : كمتغير معدل = The impact of Business Incubators in the productivity Improving of Small Enterprises at Ajloun Governorate Entrepreneurial Orientations : as a the Moderating Variable /
Statement of responsibility, etc. اعداد هناء نصري رشدي الصمادي ؛ اشراف نضال فواز حسين القضاة
260 ## - PUBLICATION, DISTRIBUTION, ETC.
Place of publication, distribution, etc. عجلون، الاردن :
Name of publisher, distributor, etc. جامعة عجلون الوطنية،
Date of publication, distribution, etc. 2023
300 ## - PHYSICAL DESCRIPTION
Extent 127 ورقة
504 ## - BIBLIOGRAPHY, ETC. NOTE
Bibliography, etc. note رسالة جامعية (ماجستير) .- جامعة عجلون الوطنية (عجلون، الأردن)، كلية ادارة الاعمال، قسم الاعمال، 2023.<br/>
650 70 - SUBJECT ADDED ENTRY--TOPICAL TERM
Topical term or geographic name entry element المشروعات الصغيرة - ادارة
9 (RLIN) 64936
700 #1 - ADDED ENTRY--PERSONAL NAME
Personal name القضاة، نضال فواز حسين
9 (RLIN) 64939
Relator term مشرف
942 ## - ADDED ENTRY ELEMENTS (KOHA)
Source of classification or shelving scheme Library of Congress Classification
Koha item type Thesis
Suppress in OPAC No
Holdings
Withdrawn status Lost status Source of classification or shelving scheme Damaged status Not for loan Home library Current library Date acquired Total Checkouts Full call number Barcode Date last seen Price effective from Koha item type
    Library of Congress Classification     مكتبة جامعة عجلون الوطنية مكتبة جامعة عجلون الوطنية 11/12/2023   HD6207 2023 A29720 11/12/2023 11/12/2023 Thesis
    Library of Congress Classification     مكتبة جامعة عجلون الوطنية مكتبة جامعة عجلون الوطنية 11/12/2023   HD62.7 2023 A29719 11/12/2023 11/12/2023 Thesis